000 00219nam a2200097Ia 4500
008 240331s9999 xx 000 0 und d
082 _bBHA
100 _aBhasin, K
245 0 _aAan thalaimai aadchi entral enna
942 _cL
999 _c2207
_d2207